Generation gap: a sociological study of inter-generational conflicts (Record no. 355695)

000 -LEADER
fixed length control field 00439cam a22001577a 4500
008 - FIXED-LENGTH DATA ELEMENTS--GENERAL INFORMATION
fixed length control field 180718b1993 xxu||||| |||| 00| 0 eng d
020 ## - INTERNATIONAL STANDARD BOOK NUMBER
International Standard Book Number 8170993512
082 ## - DEWEY DECIMAL CLASSIFICATION NUMBER
Classification number B1 P886g
100 ## - MAIN ENTRY--PERSONAL NAME
Personal name Ramaa Prasad
245 ## - TITLE STATEMENT
Title Generation gap: a sociological study of inter-generational conflicts
Statement of responsibility, etc. by Ramaa Prasad
260 ## - PUBLICATION, DISTRIBUTION, ETC.
Place of publication, distribution, etc. New Delhi
Name of publisher, distributor, etc. Mittal
Date of publication, distribution, etc. 1993
300 ## - PHYSICAL DESCRIPTION
Extent 222p.
650 ## - SUBJECT ADDED ENTRY--TOPICAL TERM
Topical term or geographic name entry element Youth
650 ## - SUBJECT ADDED ENTRY--TOPICAL TERM
Topical term or geographic name entry element Parents and teachers
650 ## - SUBJECT ADDED ENTRY--TOPICAL TERM
Topical term or geographic name entry element Sociology
Holdings
Withdrawn status Lost status Damaged status Not for loan Permanent Location Current Location Date acquired Full call number Barcode Date last seen Price effective from Koha item type
        Indian Institute of Public Administration Indian Institute of Public Administration 1994-01-12 B1 P886g 67285 2018-07-21 2018-07-21 Book

Powered by Koha